Cases in rural marketing : (Record no. 1441)

MARC details
000 -LEADER
fixed length control field 00845nam a22002412 4500
001 - CONTROL NUMBER
control field 0000024202
005 - DATE AND TIME OF LATEST TRANSACTION
control field 20151021151152.0
008 - FIXED-LENGTH DATA ELEMENTS--GENERAL INFORMATION
fixed length control field 130618s xx 000 0 eng d
020 ## - INTERNATIONAL STANDARD BOOK NUMBER
International Standard Book Number 8178089688 :
040 ## - CATALOGING SOURCE
Original cataloging agency KABU
Transcribing agency KABU
100 1# - MAIN ENTRY--PERSONAL NAME
Personal name Krishnamacharyulu, C. S. G.
-- 0000184162
245 10 - TITLE STATEMENT
Title Cases in rural marketing :
Remainder of title an integrated approach /
Statement of responsibility, etc. C. S. G. Krishnamacharyulu, Lalitha Ramakrishnan.
250 ## - EDITION STATEMENT
Edition statement 1st ed.
260 ## - PUBLICATION, DISTRIBUTION, ETC. (IMPRINT)
Place of publication, distribution, etc. New Delhi :
Name of publisher, distributor, etc. Pearson Educ.,
Date of publication, distribution, etc. 2003.
300 ## - PHYSICAL DESCRIPTION
Extent x, 264 p.
650 #0 - SUBJECT ADDED ENTRY--TOPICAL TERM
Topical term or geographic name as entry element Marketing.
-- 0000151351
650 #0 - SUBJECT ADDED ENTRY--TOPICAL TERM
Topical term or geographic name as entry element Marketing
General subdivision Case studies.
-- 0000151533
710 2# - ADDED ENTRY--CORPORATE NAME
Corporate name or jurisdiction name as entry element Ramakrishnan, Lalitha.
-- 0000184163
852 1# - LOCATION
-- p1190 KES
852 1# - LOCATION
-- p1190 KES
908 ## - PUT COMMAND PARAMETER (RLIN)
Put command parameter 130618
950 ## - LOCAL HOLDINGS (RLIN)
-- 1
Holdings
Withdrawn status Lost status Source of classification or shelving scheme Not for loan Home library Current library Date acquired Total Checkouts Full call number Barcode Date last seen Price effective from Koha item type
    Library of Congress Classification   Kabarak, Nakuru City Campus Kabarak, Nakuru City Campus 21/10/2015   HF5415 .K75 2003 c. 1 015502 21/10/2015 21/10/2015 General Collection
    Library of Congress Classification   Kabarak, Nakuru City Campus Kabarak, Nakuru City Campus 21/10/2015   HF5415 .K75 2003 c. 2 015506 21/10/2015 21/10/2015 General Collection
Designed with assistance from East African Informatics Ltd